| 000 | 01348cam a2200253 4500 | ||
|---|---|---|---|
| 001 | ABS63959 | ||
| 008 | 000000n2001 000 0 eng u | ||
| 035 | _a(Sirsi) u112550 | ||
| 100 | _aEade, C. | ||
| 245 | _aAccess course | ||
| 260 | _c2001 | ||
| 490 |
_aProperty Week _v66(18) 4 May 2001, 74-78(5) |
||
| 520 | _aLooks at the measures service providers are taking to comply with the Disability Discrimination Act 1995 and the subsequent code of practice, which is set to be published this summer and will come into force on 1 October 2004. Suggests that surveyors and architects will play a key role over the next few years, and highlights the importance of training building surveyors and facilities managers to carry out thorough access audits. Provides practical information for landlords and tenants on how the Disability Act will affect commercial property. Diagrams. | ||
| 590 | _aABS | ||
| 650 | _aDISABILITY DISCRIMINATION ACT 1995 | ||
| 650 | _aCODE OF PRACTICE | ||
| 650 | _aSERVICE PROVIDERS | ||
| 650 | _aMANAGEMENT-BUSINESS MANAGEMENT-DISCRIMINATION-DISABILITY DISCRIMINATION-ACCESSIBILITY-ACCESS AUDITS | ||
| 650 | _aMANAGEMENT-BUSINESS MANAGEMENT-DISCRIMINATION-DISABILITY DISCRIMINATION-ACCESSIBILITY | ||
| 650 | _aALTERATIONS | ||
| 650 | _aSURVEYORS | ||
| 690 | _aPROPERTY-COMMERCIAL PROPERTY | ||
| 942 | _n0 | ||
| 999 |
_c66987 _d66987 |
||